000
00326nam a2200133Ia 4500
005
20251222144748.0
008
251222s9999||||xx |||||||||||||| ||spa||
020
_a
97895681888
082
_a
242.74/S25
245
0
_a
Oremos Con María
250
_a
1ra. ed.
264
_b
Santuario de la Inmaculada Concepción
942
_c
LIB
999
_c
19229
_d
19229